000 00705nam a22002177a 4500
999 _c291
_d291
003 AR-CdUCM
008 190222b ||||| |||| 00| 0 spa d
040 _aMUNICIPALIDAD PROVINCIAL DEL CUSCO
_cBIBLIOTECA MUNICIPAL DEL CUSCO
082 _a985.009 /
_bZ88D
100 _aDurand Flórez, José
_91217
245 _aEl Inca Garcilaso de América /
260 _aLima :
_bBNP,
_c1988.
300 _a87 páginas ;
_c21 cm.
440 _aPerulibros
_9728
505 _aEstudio acerca de la vida y obra del Inca Garcilaso
650 _a Referencias bibliográficas
_91218
650 _aComentarios Reales
_962
650 _aConcepción histórica
_91219
942 _2ddc
_cLIBROS
945 _araen
_d2019-02-22